00371nam a2200145Ia 4500003000400000008004100004040001600045082002700061100002200088245003500110260002800145490000500173650001900178650002800197GCL140319s9999 xx 000 0 ara d aGCL / cGCL04aكاسيتb122bع س1 aعفاف راضى10aسوسة / cعفاف راضى a[S.N] : bلا يوجد a04aالاغانى04aشرائط كاسيت